[Event "FIDE World Corporate GpA"]
[Site "New York"]
[Date "2024.06.15"]
[Round "3"]
[White "Naguleswaran, Annorjan"]
[Black "Sargsyan, Anna M"]
[Result "0-1"]
[WhiteElo "1933"]
[BlackElo "2371"]
[PlyCount "70"]
[EventDate "2024.06.15"]
[EventType "team-swiss (rapid)"]
[EventRounds "10"]
[EventCountry "USA"]
[SourceTitle "CBM 220 Extra"]
[Source "ChessBase"]
[SourceDate "2024.07.31"]
[SourceVersion "1"]
[SourceVersionDate "2024.07.31"]
[SourceQuality "1"]
[WhiteTeam "Deutsche Bank"]
[BlackTeam "ChessMood"]
[WhiteTeamCountry "GER"]
[BlackTeamCountry "ARM"]

1. e4 c6 2. d4 d5 3. f3 dxe4 4. fxe4 e5 5. Nf3 Bg4 6. Bc4 Nd7 7. 0-0 Ngf6 8. c3 b5 9. Bb3 Bd6 10. Bg5 0-0 11. Nbd2 Qc7 12. Qe1 Bh5 13. Bxf6 Nxf6 14. dxe5 Bxe5 15. Nxe5 Qxe5 16. Rf5 Qc7 17. e5 Bg6 18. Rg5 Rae8 19. Qg3 Nh5 20. Qe3 c5 21. Bd1 Nf6 22. Qg3 Nd7 23. Be2 c4 24. a4 h6 25. Rxg6 fxg6 26. axb5 Qc5+ 27. Kh1 Nxe5 28. b4 Qd5 29. Rd1 Nd3 30. Bf3 Qe5 31. Qh4 Qxc3 32. Nxc4 g5 33. Bd5+ Kh8 34. Qg3 Nf2+ 35. Kg1 Re1+ 0-1

[Event "Titled Tuesday intern op 10th May Late"]
[Site "Chess.com INT"]
[Date "2022.05.10"]
[Round "2"]
[White "Naguleswaran, Annorjan"]
[Black "Lazov, Toni"]
[Result "0-1"]
[WhiteElo "1716"]
[BlackElo "2377"]
[PlyCount "60"]
[EventDate "2022.05.10"]
[EventType "swiss (blitz)"]
[EventRounds "11"]
[EventCountry "USA"]
[SourceTitle "CBM 208 Extra"]
[Source "ChessBase"]
[SourceDate "2022.07.31"]
[SourceVersion "1"]
[SourceVersionDate "2022.07.31"]
[SourceQuality "1"]

1. e4 d6 2. d4 Nf6 3. Nc3 Nbd7 4. f4 e5 5. Nf3 exd4 6. Nxd4 Nc5 7. Qf3 Bg4 8. Qe3 Be7 9. h3 Bd7 10. b4 Na6 11. a3 0-0 12. Bb2 Re8 13. 0-0-0 Bf8 14. Bd3 c5 15. bxc5 Nxc5 16. g4 Rc8 17. Qf3 Na4 18. Nxa4 Bxa4 19. e5 dxe5 20. fxe5 Rxe5 21. Nf5 Qc7 22. g5 Bxc2 23. Bxe5 Bxa3+ 24. Kd2 Qa5+ 25. Ke2 Qxe5+ 26. Ne3 Bxd1+ 27. Rxd1 Qxg5 28. Ng4 Nxg4 29. Qxg4 Qxg4+ 30. hxg4 g6 0-1

[Event "Titled Tuesday intern op 10th May Late"]
[Site "Chess.com INT"]
[Date "2022.05.10"]
[Round "3"]
[White "Naguleswaran, Annorjan"]
[Black "Lewicki, Miroslaw"]
[Result "0-1"]
[WhiteElo "1716"]
[BlackElo "2340"]
[PlyCount "38"]
[EventDate "2022.05.10"]
[EventType "swiss (blitz)"]
[EventRounds "11"]
[EventCountry "USA"]
[SourceTitle "CBM 208 Extra"]
[Source "ChessBase"]
[SourceDate "2022.07.31"]
[SourceVersion "1"]
[SourceVersionDate "2022.07.31"]
[SourceQuality "1"]

1. e4 c5 2. Nf3 d6 3. c3 Nf6 4. Bd3 g6 5. h3 Bg7 6. Bc2 0-0 7. d4 cxd4 8. cxd4 Nc6 9. Nc3 a6 10. 0-0 b5 11. Qe2 Bb7 12. Rd1 Rb8 13. Bg5 h6 14. Bh4 g5 15. Bg3 Nh5 16. Bh2 Nf4 17. Qe3 b4 18. Nd5 Ng6 19. Rac1 e6 0-1

[Event "Titled Tuesday intern op 6th June"]
[Site "Chess.com INT"]
[Date "2020.06.02"]
[Round "4"]
[White "Naguleswaran, Annorjan"]
[Black "McCoy, Owen"]
[Result "0-1"]
[WhiteElo "1716"]
[BlackElo "2075"]
[PlyCount "114"]
[EventDate "2020.06.02"]
[EventType "swiss (blitz)"]
[EventRounds "10"]
[EventCountry "USA"]
[SourceTitle "CBM 196 Extra"]
[Source "ChessBase"]
[SourceDate "2020.07.31"]
[SourceVersion "1"]
[SourceVersionDate "2020.07.31"]
[SourceQuality "1"]

1. e4 c5 2. Nf3 d6 3. c3 Nf6 4. Be2 g6 5. 0-0 Bg7 6. Bb5+ Nbd7 7. e5 dxe5 8. Nxe5 0-0 9. Nxd7 Nxd7 10. d3 a6 11. Ba4 Ne5 12. Bc2 Nc6 13. Be3 b6 14. Nd2 Bb7 15. Re1 Qc7 16. Qg4 Rad8 17. Nf3 e5 18. Qh4 f6 19. Bh6 Ne7 20. Bxg7 Kxg7 21. Nd2 Nd5 22. g3 Ne7 23. Rad1 Nf5 24. Qg4 h5 25. Qe2 h4 26. Ne4 hxg3 27. fxg3 Ne7 28. Rf1 Qc6 29. Qf3 f5 30. Ng5 Qxf3 31. Nxf3 Nc6 32. Rfe1 Kf6 33. Kf2 Rh8 34. Rh1 Nb8 35. h4 Bxf3 36. Kxf3 Nc6 37. Rhe1 b5 38. d4 exd4 39. c4 b4 40. Ba4 Ne5+ 41. Kf2 Ng4+ 42. Kf3 Rh7 43. b3 Re7 44. Rxe7 Kxe7 45. Kf4 Kf6 46. Re1 Ne3 47. h5 Ng2+ 48. Kf3 Nxe1+ 49. Ke2 Nc2 50. Kd2 Ne3 51. Kd3 gxh5 52. g4 hxg4 53. a3 a5 54. axb4 axb4 55. Bd7 Ke5 56. Bxf5 Kxf5 57. Ke2 Kf4 0-1

[Event "Titled Tuesday intern op 3rd July"]
[Site "Chess.com INT"]
[Date "2018.07.03"]
[Round "2"]
[White "Naguleswaran, Annorjan"]
[Black "Hoffmann, Asa"]
[Result "1-0"]
[WhiteElo "1716"]
[BlackElo "2185"]
[PlyCount "89"]
[EventDate "2018.07.03"]
[EventType "swiss (blitz)"]
[EventRounds "10"]
[EventCountry "USA"]
[SourceTitle "EXT 2021"]
[Source "ChessBase"]
[SourceDate "2020.10.23"]
[SourceVersion "1"]
[SourceVersionDate "2020.10.23"]
[SourceQuality "1"]

1. e4 d6 2. d4 Nf6 3. Nc3 c6 4. f4 Qa5 5. Bd3 e5 6. Nf3 exd4 7. Nxd4 Qb6 8. Be3 Ng4 9. Bg1 Qxb2 10. Na4 Qb4+ 11. c3 Qa5 12. h3 Nf6 13. Rc1 Nbd7 14. Be3 Be7 15. 0-0 0-0 16. Nf5 Qd8 17. Bb1 Re8 18. e5 dxe5 19. fxe5 Nd5 20. Nh6+ gxh6 21. Qh5 f5 22. Bxf5 Rf8 23. Be6+ Kh8 24. Bxh6 Rg8 25. Rf7 Nf8 26. Bxf8 Rxg2+ 27. Kxg2 Nf4+ 28. Rxf4 Bxe6 29. Bxe7 Qxe7 30. Qh4 Rg8+ 31. Kh2 Qg7 32. Qf6 Qxf6 33. Rxf6 Re8 34. Nc5 Bd5 35. e6 b6 36. Rcf1 bxc5 37. Rf8+ Rxf8 38. Rxf8+ Kg7 39. e7 Bf7 40. e8Q Bxe8 41. Rxe8 Kf6 42. Rc8 Ke6 43. Rxc6+ Kd5 44. Rc7 c4 45. Rxa7 1-0

[Event "Titled Tuesday intern op 5th June"]
[Site "Chess.com INT"]
[Date "2018.06.05"]
[Round "5"]
[White "Hansen, Eric"]
[Black "Naguleswaran, Annorjan"]
[Result "1-0"]
[WhiteElo "2629"]
[BlackElo "1716"]
[PlyCount "85"]
[EventDate "2018.06.05"]
[EventType "swiss (blitz)"]
[EventRounds "10"]
[EventCountry "USA"]
[SourceTitle "EXT 2021"]
[Source "ChessBase"]
[SourceDate "2020.10.23"]
[SourceVersion "1"]
[SourceVersionDate "2020.10.23"]
[SourceQuality "1"]

1. e4 e5 2. Nf3 Nc6 3. Bb5 Nf6 4. 0-0 Nxe4 5. d4 Nd6 6. Bxc6 dxc6 7. dxe5 Nf5 8. Qxd8+ Kxd8 9. h3 Be7 10. Nc3 Be6 11. Rd1+ Kc8 12. g4 Nh4 13. Nxh4 Bxh4 14. Kg2 b6 15. Bf4 h5 16. f3 Kb7 17. Rd2 Rh7 18. Rad1 Rah8 19. a3 g5 20. Be3 hxg4 21. hxg4 Bc4 22. Bg1 f6 23. exf6 Rf8 24. Rd7 Rxd7 25. Rxd7 Rxf6 26. Ne4 Rf4 27. Bh2 Be6 28. Rh7 Rf8 29. Rxc7+ Ka6 30. Nc5+ bxc5 31. Rxc6+ Kb5 32. Rxe6 Rd8 33. Re2 Rd1 34. f4 gxf4 35. Bxf4 Be1 36. g5 Ba5 37. g6 Rd7 38. Kf3 Rg7 39. Re6 Bb6 40. Be5 Rg8 41. g7 Kc4 42. Rh6 Kd5 43. Rh8 1-0

[Event "Titled Tuesday intern op 5th June"]
[Site "Chess.com INT"]
[Date "2018.06.05"]
[Round "4"]
[White "Van Dael, Siem"]
[Black "Naguleswaran, Annorjan"]
[Result "0-1"]
[WhiteElo "2213"]
[BlackElo "1716"]
[PlyCount "44"]
[EventDate "2018.06.05"]
[EventType "swiss (blitz)"]
[EventRounds "10"]
[EventCountry "USA"]
[SourceTitle "EXT 2021"]
[Source "ChessBase"]
[SourceDate "2020.10.23"]
[SourceVersion "1"]
[SourceVersionDate "2020.10.23"]
[SourceQuality "1"]

1. e4 e5 2. Nf3 Nc6 3. Bc4 Nf6 4. d3 d5 5. exd5 Na5 6. Nxe5 Nxc4 7. dxc4 Bd6 8. Bf4 0-0 9. 0-0 Ng4 10. Qd4 Qf6 11. Re1 Re8 12. Nc3 Nxe5 13. Re4 Bh3 14. Rae1 Nf3+ 15. gxf3 Qxd4 16. Rxe8+ Rxe8 17. Rxe8+ Bf8 18. Bg3 Qd2 19. Bf4 Qxf4 20. Ne2 Qd2 21. Kh1 Qe1+ 22. Ng1 Qf1 0-1

[Event "Titled Tuesday intern op 2nd Jan"]
[Site "Chess.com INT"]
[Date "2018.01.02"]
[Round "3"]
[White "Naguleswaran, Annorjan"]
[Black "Coe, William R"]
[Result "1-0"]
[WhiteElo "1716"]
[BlackElo "2078"]
[PlyCount "75"]
[EventDate "2018.01.02"]
[EventType "swiss (blitz)"]
[EventRounds "10"]
[EventCountry "USA"]
[SourceTitle "EXT 2021"]
[Source "ChessBase"]
[SourceDate "2020.10.23"]
[SourceVersion "1"]
[SourceVersionDate "2020.10.23"]
[SourceQuality "1"]

1. e4 c5 2. Nf3 e6 3. c3 d5 4. exd5 Qxd5 5. d4 Nf6 6. Be3 Nbd7 7. Bd3 Be7 8. 0-0 0-0 9. Nbd2 cxd4 10. cxd4 b6 11. Bc4 Qh5 12. Ne5 Qxd1 13. Rfxd1 Nxe5 14. dxe5 Nd7 15. Nf3 Nc5 16. b4 Na6 17. a3 Rd8 18. Nd4 Nb8 19. Nb5 Nc6 20. Nc7 Rb8 21. f4 Bb7 22. f5 Nxe5 23. Bb3 Bd5 24. Nxd5 exd5 25. Bf4 Bf6 26. Bxd5 Rbc8 27. Kf1 Kf8 28. Be4 Rxd1+ 29. Rxd1 Ke7 30. Rd5 Nc4 31. Bf3 Rd8 32. Rxd8 Kxd8 33. a4 a5 34. bxa5 bxa5 35. Bd5 Nb2 36. Bb3 Ke7 37. Ke2 g5 38. Bd2 1-0

[Event "Titled Tuesday intern op 2nd Jan"]
[Site "Chess.com INT"]
[Date "2018.01.02"]
[Round "2"]
[White "Naguleswaran, Annorjan"]
[Black "Feuerstack, Aljoscha"]
[Result "0-1"]
[WhiteElo "1716"]
[BlackElo "2442"]
[PlyCount "50"]
[EventDate "2018.01.02"]
[EventType "swiss (blitz)"]
[EventRounds "10"]
[EventCountry "USA"]
[SourceTitle "EXT 2021"]
[Source "ChessBase"]
[SourceDate "2020.10.23"]
[SourceVersion "1"]
[SourceVersionDate "2020.10.23"]
[SourceQuality "1"]

1. e4 c5 2. Nf3 e6 3. c3 Nf6 4. e5 Nd5 5. d4 cxd4 6. cxd4 b6 7. a3 Be7 8. Bd3 Ba6 9. 0-0 Bxd3 10. Qxd3 0-0 11. Nc3 Nxc3 12. bxc3 d6 13. Qe4 Nd7 14. Qg4 dxe5 15. dxe5 Kh8 16. Rd1 Qc7 17. Bf4 Rad8 18. Rd3 Nc5 19. Re3 Rd3 20. Rxd3 Nxd3 21. Rd1 Qxc3 22. Nd2 Qc2 23. Qe2 Nxf4 24. Qf3 Rd8 25. Nf1 Rxd1 0-1

[Event "Titled Tuesday intern op 2nd Jan"]
[Site "Chess.com INT"]
[Date "2018.01.02"]
[Round "4"]
[White "Nebolsina, Vera"]
[Black "Naguleswaran, Annorjan"]
[Result "1-0"]
[WhiteElo "2211"]
[BlackElo "1716"]
[PlyCount "85"]
[EventDate "2018.01.02"]
[EventType "swiss (blitz)"]
[EventRounds "10"]
[EventCountry "USA"]
[SourceTitle "EXT 2021"]
[Source "ChessBase"]
[SourceDate "2020.10.23"]
[SourceVersion "1"]
[SourceVersionDate "2020.10.23"]
[SourceQuality "1"]

1. e4 e5 2. Nf3 Nc6 3. Bb5 Nf6 4. d3 d6 5. h3 Bd7 6. c3 g6 7. 0-0 Bg7 8. Be3 0-0 9. Qc1 Nd4 10. Nxd4 exd4 11. Bxd7 dxe3 12. Ba4 exf2+ 13. Rxf2 c6 14. Nd2 Nh5 15. Nf1 Qb6 16. Qe3 Qxe3 17. Nxe3 b5 18. Bb3 a5 19. Raf1 d5 20. exd5 a4 21. Bd1 Ng3 22. dxc6 Nxf1 23. Kxf1 Rac8 24. Nd5 Rfe8 25. c7 Re5 26. Bf3 Bf8 27. d4 Re6 28. g4 Bd6 29. g5 Bxc7 30. Bg4 Rd6 31. Ne7+ Kg7 32. Nxc8 Rd8 33. Na7 Rb8 34. a3 Rb6 35. Bd7 b4 36. axb4 Ra6 37. Nb5 Bg3 38. Rf3 Bh4 39. c4 Bxg5 40. c5 Bc1 41. c6 Bxb2 42. c7 a3 43. Nxa3 1-0

[Event "Titled Tuesday intern op 6th June"]
[Site "Chess.com INT"]
[Date "2017.06.06"]
[Round "4"]
[White "Naguleswaran, Annorjan"]
[Black "De Abreu, Roberto N"]
[Result "0-1"]
[WhiteElo "1716"]
[BlackElo "2110"]
[PlyCount "74"]
[EventDate "2017.06.06"]
[EventType "swiss (blitz)"]
[EventRounds "10"]
[EventCountry "USA"]
[SourceTitle "EXT 2021"]
[Source "ChessBase"]
[SourceDate "2020.10.23"]
[SourceVersion "1"]
[SourceVersionDate "2020.10.23"]
[SourceQuality "1"]

1. e4 e6 2. d4 d5 3. Nd2 Nf6 4. e5 Nfd7 5. Bd3 c5 6. c3 Nc6 7. Ne2 cxd4 8. cxd4 f6 9. exf6 Nxf6 10. Nf3 Bd6 11. 0-0 0-0 12. Bg5 Bd7 13. Re1 Be8 14. Ng3 Bd7 15. Qb3 Qc7 16. Rac1 Rac8 17. Ne5 Bxe5 18. dxe5 Ng4 19. Be7 Nxf2 20. Bxf8 Rxf8 21. Bb1 Qb8 22. Rf1 Ng4 23. Qc2 g6 24. Rxf8+ Qxf8 25. Rf1 Qh6 26. Rf3 Qxh2+ 27. Kf1 Nd4 28. Qc7 Nxf3 29. Qd8+ Kg7 30. Qe7+ Kh6 31. Qf8+ Kg5 32. Qe7+ Kf4 33. Ne2+ Ke3 34. Qc5+ d4 35. Qc1+ Nd2+ 36. Ke1 Qh1+ 37. Ng1 Qxg1# 0-1

[Event "Titled Tuesday intern op 5th July"]
[Site "Chess.com INT"]
[Date "2016.07.05"]
[Round "3"]
[White "Jackson, Bell"]
[Black "Naguleswaran, Annorjan"]
[Result "1-0"]
[WhiteElo "2195"]
[BlackElo "1679"]
[PlyCount "45"]
[EventDate "2016.07.05"]
[EventType "swiss (blitz)"]
[EventRounds "9"]
[EventCountry "USA"]
[SourceTitle "EXT 2021"]
[Source "ChessBase"]
[SourceDate "2020.10.23"]
[SourceVersion "1"]
[SourceVersionDate "2020.10.23"]
[SourceQuality "1"]

1. d4 d5 2. c4 c6 3. Nc3 Nf6 4. cxd5 cxd5 5. f3 e6 6. e4 dxe4 7. fxe4 Nc6 8. Nf3 Bb4 9. Qd3 0-0 10. Bg5 h6 11. Bh4 Be7 12. Be2 Nb4 13. Qb1 Ng4 14. Bxe7 Qxe7 15. a3 Nc6 16. h3 Ne3 17. Kf2 Nxd4 18. Nxd4 Qg5 19. Rg1 Rd8 20. Qc1 Qf4+ 21. Nf3 Rd2 22. Qxd2 Ng4+ 23. hxg4 1-0

[Event "Titled Tuesday intern op 5th July"]
[Site "Chess.com INT"]
[Date "2016.07.05"]
[Round "2"]
[White "Naguleswaran, Annorjan"]
[Black "Akinseye, Akinleye"]
[Result "1-0"]
[WhiteElo "1679"]
[BlackElo "1797"]
[PlyCount "125"]
[EventDate "2016.07.05"]
[EventType "swiss (blitz)"]
[EventRounds "9"]
[EventCountry "USA"]
[SourceTitle "EXT 2021"]
[Source "ChessBase"]
[SourceDate "2020.10.23"]
[SourceVersion "1"]
[SourceVersionDate "2020.10.23"]
[SourceQuality "1"]

1. e4 e5 2. Nf3 Nc6 3. Bb5 a6 4. Ba4 Nf6 5. 0-0 b5 6. Bb3 Be7 7. Re1 0-0 8. c3 d5 9. exd5 Nxd5 10. Nxe5 Nxe5 11. Rxe5 c6 12. d4 Bd6 13. Re1 Qh4 14. g3 Qh3 15. Be3 Bg4 16. Qd3 Rae8 17. Nd2 Bf5 18. Qf1 Qh5 19. Bd1 Qg6 20. Bf3 Bd3 21. Qg2 Nxe3 22. Rxe3 Rxe3 23. fxe3 c5 24. Be4 Bxe4 25. Qxe4 cxd4 26. Qxg6 hxg6 27. cxd4 Re8 28. Kf2 Bb4 29. Nf3 f6 30. Rc1 g5 31. Rc6 g4 32. Nh4 Bd2 33. Ng2 a5 34. Ke2 Bb4 35. Kd3 Kf7 36. a3 Bf8 37. Nf4 b4 38. Rc7+ Re7 39. Rxe7+ Bxe7 40. a4 g5 41. Nd5 Bd6 42. e4 Ke6 43. Ne3 Bf8 44. b3 Be7 45. Nf5 Bf8 46. Kc4 Bd6 47. Kb5 Bc7 48. Kc6 Bd8 49. Nh6 Be7 50. Nxg4 f5 51. d5+ Kf7 52. exf5 Bd8 53. d6 Ke8 54. Ne5 g4 55. d7+ Ke7 56. Nxg4 Kf8 57. h4 Ke7 58. h5 Kf8 59. h6 Kf7 60. Ne5+ Ke7 61. h7 Bc7 62. h8Q Bd8 63. Qg7# 1-0

[Event "Titled Tuesday intern op1 3rd May"]
[Site "Chess.com INT"]
[Date "2016.05.03"]
[Round "1"]
[White "Arencibia Monduy, Antonio"]
[Black "Naguleswaran, Annorjan"]
[Result "1-0"]
[WhiteElo "2206"]
[BlackElo "1679"]
[PlyCount "73"]
[EventDate "2016.05.03"]
[EventType "swiss (blitz)"]
[EventRounds "9"]
[EventCountry "USA"]
[SourceTitle "EXT 2021"]
[Source "ChessBase"]
[SourceDate "2020.10.23"]
[SourceVersion "1"]
[SourceVersionDate "2020.10.23"]
[SourceQuality "1"]

1. e4 e5 2. Nf3 Nc6 3. Bc4 Nf6 4. d3 Bc5 5. Bb3 0-0 6. 0-0 h6 7. c3 d5 8. Nbd2 Bg4 9. h3 Bh5 10. exd5 Nxd5 11. Ne4 Be7 12. Ng3 Bg6 13. Re1 Bf6 14. Ne4 Re8 15. Bxd5 Qxd5 16. Nxf6+ gxf6 17. Bxh6 Qxd3 18. Qb3 Na5 19. Qa4 Nc4 20. b3 Nb6 21. Qh4 Qf5 22. Be3 Nd5 23. Bd2 Rad8 24. c4 Ne7 25. Be3 Qe6 26. g4 Nc6 27. Qg3 e4 28. Nh4 Ne5 29. Rad1 Nd3 30. Rf1 Qe5 31. Ng2 Qxg3 32. fxg3 Re6 33. Nf4 Red6 34. Nd5 Kg7 35. Nxc7 Ne5 36. Rxd6 Rxd6 37. Ne8+ 1-0